000 00364pam a2200157a 44500
008 230515b1987 xxu||||| |||| 00| 0 eng d
020 _aNULL
041 _aENGL
082 _a005.102/ FUR
100 _aFURRI W.M.
245 _aFORTRAN 77 ELEMENTS OF PROGRAMMING STYLE
250 _aN.D.
260 _aNULL
_bC.B.S
_c1987
300 _a358 PB
650 _aNULL
999 _c618457
_d618457